[Event "Niedersachsen-ch op-B"]
[Site "Verden"]
[Date "2016.01.05"]
[Round "6"]
[White "Schaper, Katharina"]
[Black "Kueck, Stefan"]
[Result "1/2-1/2"]
[WhiteElo "1468"]
[BlackElo "1692"]
[PlyCount "90"]
[EventDate "2016.01.03"]
[EventType "swiss"]
[EventRounds "7"]
[EventCountry "GER"]
[SourceTitle "EXT 2018"]
[Source "ChessBase"]
[SourceDate "2017.10.13"]
[SourceVersion "1"]
[SourceVersionDate "2017.10.13"]
[SourceQuality "1"]

1. d4 Nf6 2. c4 c5 3. d5 b5 4. cxb5 a6 5. Nc3 axb5 6. Nxb5 Qa5+ 7. Nc3 Ba6 8. Bd2 Qb6 9. Qc2 d6 10. g3 g6 11. Bg2 Bg7 12. Rb1 Nbd7 13. Nf3 0-0 14. 0-0 Rfb8 15. b3 Ng4 16. Na4 Qa7 17. Rfe1 Nge5 18. Nxe5 Nxe5 19. Bc3 Bb5 20. Bxe5 Bxe5 21. Nc3 Bd7 22. e4 Qa5 23. Na4 Bxa4 24. bxa4 Rxb1 25. Qxb1 Qxa4 26. Re2 Qb4 27. Qxb4 cxb4 28. f4 Bc3 29. e5 dxe5 30. d6 Ra7 31. dxe7 Rxe7 32. fxe5 Bxe5 33. Re4 Bd6 34. Rxe7 Bxe7 35. Bd5 Kg7 36. Kg2 f5 37. Kf3 Kf6 38. h3 Bd6 39. Bb3 Kg5 40. Bc4 h5 41. h4+ Kf6 42. Bb3 g5 43. hxg5+ Kxg5 44. Bc4 f4 45. gxf4+ Bxf4 1/2-1/2

[Event "Wroclaw Anderssen Memorial op-B 22nd"]
[Site "Wroclaw"]
[Date "2013.06.30"]
[Round "4"]
[White "Kueck, Stefan"]
[Black "Dadello, Aleksandra"]
[Result "0-1"]
[WhiteElo "1663"]
[BlackElo "1843"]
[PlyCount "82"]
[EventDate "2013.06.30"]
[EventType "swiss"]
[EventRounds "7"]
[EventCountry "POL"]
[SourceTitle "EXT 2014"]
[Source "ChessBase"]
[SourceDate "2013.11.20"]
[SourceVersion "1"]
[SourceVersionDate "2013.11.20"]
[SourceQuality "1"]

1. e4 e6 2. d4 d5 3. exd5 exd5 4. Nf3 Bd6 5. Bd3 Nc6 6. Nc3 Nge7 7. 0-0 Bg4 8. Be3 Qd7 9. Be2 f6 10. Nh4 Bxe2 11. Qxe2 g5 12. Nf3 0-0-0 13. Nb5 h5 14. Nxd6+ Qxd6 15. a3 h4 16. Ne1 Rdg8 17. c3 f5 18. Bd2 g4 19. f3 h3 20. g3 Nd8 21. f4 Re8 22. Nd3 Nec6 23. Ne5 Na5 24. Qd1 Qb6 25. b4 Nc4 26. Nxc4 dxc4 27. Re1 Qc6 28. Re2 Rxe2 29. Qxe2 Re8 30. Qf2 Nf7 31. Re1 Nd6 32. Rxe8+ Qxe8 33. Qe3 Qxe3+ 34. Bxe3 Ne4 35. Kf1 Nxc3 36. Bd2 Ne4 37. Be1 Kd7 38. Ke2 Kd6 39. Kd1 Kd5 40. Kc2 Kxd4 41. Bf2+ Nxf2 0-1

[Event "Wroclaw Anderssen Memorial op 22nd"]
[Site "Wroclaw"]
[Date "2013.06.29"]
[Round "8"]
[White "Kucypera, Malgorzata"]
[Black "Kueck, Stefan"]
[Result "1-0"]
[WhiteElo "2045"]
[BlackElo "1663"]
[PlyCount "43"]
[EventDate "2013.06.29"]
[EventType "swiss (rapid)"]
[EventRounds "9"]
[EventCountry "POL"]
[SourceTitle "CBM 155 Extra"]
[Source "ChessBase"]
[SourceDate "2013.08.26"]
[SourceVersion "1"]
[SourceVersionDate "2013.08.26"]
[SourceQuality "1"]

1. e4 c5 2. Nf3 Nc6 3. d4 cxd4 4. Nxd4 e5 5. Nb5 a6 6. Nd6+ Bxd6 7. Qxd6 Qe7 8. Qxe7+ Ngxe7 9. Bc4 0-0 10. 0-0 Nd4 11. Bb3 Nxb3 12. axb3 d5 13. exd5 Nxd5 14. c4 Nb4 15. Bd2 Nc6 16. Nc3 Nd4 17. Ra3 Be6 18. Ne4 Rfd8 19. Ba5 Ne2+ 20. Kh1 Rd3 21. Nc5 Rd2 22. Bxd2 1-0